Tunnettuja suomalaisia hevosurheilijoita - Statistics

Yleistilastot
  • Tätä visaa on pelattu 20 kertaa
  • Keskiarvotulos 5 / 37
Vastaustilastot
Laji Hevosia, joilla kilpaillut Vastaus % Oikein
Kouluratsastus Matador II, Edinburg, Flyinge Amiral Kyra Kyrklund
50%
Esteratsastus Rascal, Rio Nuevo, Fardon Anna-Julia Kontio
33%
Raviohjastaja Houston laukko, Etain Royal, Jokivarren Kunkku Jorma Kontio
33%
Kouluratsastus Kontestro DB, Tiffany's diamond Henri Ruoste
28%
Kouluratsastus G-Star, Dante NL Ville Vaurio
28%
Raviohjastaja V.H. Suvitar, Köppnen,Graceful Swamp Ari Moilanen
22%
Raviohjastaja Viesker Kaarlo Ahokas
22%
Raviohjastaja Classico Merett, Friendly Face, Mascate Match Pekka Korpi
22%
Kenttäratsastus Bofey Click Sanna Siltakorpi
22%
Raviohjastaja Saran Salama Tapio Perttunen
22%
Kenttäratsastus Sir Greg Veera Manninen
22%
Kenttäratsastus Duchess Desirée Elmo Jankari
17%
Kouluratsastus Sini Spirit, Greek Air Emma Kanerva
17%
Esteratsastus, Kenttäratsastus Cyna, Uppercut, Ypäjä Karuso Piia Pantsu
17%
Raviohjastaja Santeri Dahlia Jukka-Pekka Kauhanen
11%
Esteratsastus Talent, Jappeloup Nina Fagerström
11%
Esteratsastus Latania Z Peik Andersin
11%
Valjakkoajaja Artemis Ben Simonsén
6%
Valjakkoajaja, kenttäratsastaja Pehto, Vahto, Jehun Viima Heidi Sinda
6%
Parakouluratsastaja Legolas, Grivis Jaana Kivimäki
6%
Kouluratsastus Glamouraline Joanna Robinson
6%
Parakouluratsastaja Laxton For U Jonna Aaltonen
6%
Parakouluratsastaja Dr Doolittle, Rosie Katja Karjalainen
6%
Esteratsastus Ponuveikko, Chantilly 32 Maiju Mallat
6%
Raviohjastaja Passionate Kemp, Don Giovanni, Vokkerin Prinssi Markku Nieminen
6%
Kouluratsastus Skovlunds Más Guapo Mikaela Lindh
6%
Esteratsastus Isaac du Jonquet, Evli Nandele Mikael Forstén
6%
Esteratsastus Evli Cagliostro, Con Caya Noora Forstén
6%
Raviohjastaja I.P. Vipotiina Pertti Puikkonen
6%
Parakouluratsastaja Supremo Pia-Pauliina Reitti
6%
Esteratsastus Sails Away, Calandro 2 Sebastian Numminen
6%
Kouluratsastus New Hill Julitrea, Soraya II Stella Hagelstam
6%
Kouluratsastus Axis TSF, Thai Pee Terhi Stegars
6%
Matkaratsastaja Etincelle Larzac, Felizja ox Johanna Strang-Ginouves
0%
Esteratsastus Vancouver Kati Hurme
0%
Kouluratsastus Nør Maarit Raiskio
0%
Kenttäratsastus Ferro S Pauliina Swindells
0%
Ehtoja vastaavia visoja ei löytynyt
Tulosjakauma
Jokaisen tuloksen saaneiden osuus
Persentiili vastausten määrän mukaan
Tuloshistoriasi
Et ole pelannut tätä visaa